| 000 -LEADER |
| fixed length control field |
01744cam a2200409 i 4500 |
| 003 - CONTROL NUMBER IDENTIFIER |
| control field |
OSt |
| 005 - DATE AND TIME OF LATEST TRANSACTION |
| control field |
20220316142653.0 |
| 008 - FIXED-LENGTH DATA ELEMENTS--GENERAL INFORMATION |
| fixed length control field |
170714t20172017gw ae b 000 0 eng c |
| 020 ## - INTERNATIONAL STANDARD BOOK NUMBER |
| International Standard Book Number |
9783869224367 |
| Qualifying information |
(English edition) |
| 020 ## - INTERNATIONAL STANDARD BOOK NUMBER |
| International Standard Book Number |
3869224363 |
| Qualifying information |
(English edition) |
| 020 ## - INTERNATIONAL STANDARD BOOK NUMBER |
| Cancelled/invalid ISBN |
9783869224374 |
| Qualifying information |
(Russian edition) |
| 020 ## - INTERNATIONAL STANDARD BOOK NUMBER |
| Cancelled/invalid ISBN |
3869224371 |
| Qualifying information |
(Russian edition) |
| 035 ## - SYSTEM CONTROL NUMBER |
| System control number |
(OCoLC)ocn990411114 |
| 041 1# - LANGUAGE CODE |
| Language code of text/sound track or separate title |
eng |
| Language code of original and/or intermediate translations of text |
rus |
| 042 ## - AUTHENTICATION CODE |
| Authentication code |
pcc |
| 043 ## - GEOGRAPHIC AREA CODE |
| Geographic area code |
e-ru--- |
| 082 ## - DEWEY DECIMAL CLASSIFICATION NUMBER |
| Classification number |
724.6 |
| Item number |
KUZ |
| 100 1# - MAIN ENTRY--PERSONAL NAME |
| Linkage |
880-01 |
| Personal name |
Kuznet︠s︡ov, P. V. |
| Fuller form of name |
(Pavel Vasilʹevich), |
| Relator term |
author. |
| 240 10 - UNIFORM TITLE |
| Uniform title |
<a href="Dom Melʹnikova.">Dom Melʹnikova.</a> |
| Language of a work |
English |
| 245 14 - TITLE STATEMENT |
| Title |
The Melnikov House : |
| Remainder of title |
icon of the avant-garde, family home, architecture museum / |
| Statement of responsibility, etc |
Pavel Kuznetsov ; modern photography by Denis Esakov ; translation, Patricia Donegan. |
| 300 ## - PHYSICAL DESCRIPTION |
| Extent |
223 pages : |
| Other physical details |
illustrations (some color), plans ; |
| Dimensions |
24 cm. |
| 490 1# - SERIES STATEMENT |
| Series statement |
Basics ; |
| Volume number/sequential designation |
volume 61 |
| 504 ## - BIBLIOGRAPHY, ETC. NOTE |
| Bibliography, etc |
Includes bibliographical references (pages 142-144). |
| 600 10 - SUBJECT ADDED ENTRY--PERSONAL NAME |
| Linkage |
880-03 |
| Personal name |
Melʹnikov, Konstantin Stepanovich, |
| Dates associated with a name |
1890-1974 |
| General subdivision |
Homes and haunts. |
| 610 20 - SUBJECT ADDED ENTRY--CORPORATE NAME |
| Linkage |
880-02 |
| Corporate name or jurisdiction name as entry element |
Dom Melʹnikova (Moscow, Russia) |
| 650 #0 - SUBJECT ADDED ENTRY--TOPICAL TERM |
| Topical term or geographic name as entry element |
Artists |
| General subdivision |
Dwellings |
| Geographic subdivision |
Russia (Federation) |
| -- |
Moscow. |
| 650 #0 - SUBJECT ADDED ENTRY--TOPICAL TERM |
| Topical term or geographic name as entry element |
Artists' studios |
| Geographic subdivision |
Russia (Federation) |
| -- |
Moscow. |
| 650 #0 - SUBJECT ADDED ENTRY--TOPICAL TERM |
| Topical term or geographic name as entry element |
Architecture, Domestic |
| Geographic subdivision |
Russia (Federation) |
| -- |
Moscow. |
| 651 #0 - SUBJECT ADDED ENTRY--GEOGRAPHIC NAME |
| Geographic name |
Moscow (Russia) |
| General subdivision |
Buildings, structures, etc. |
| 700 1# - ADDED ENTRY--PERSONAL NAME |
| Linkage |
880-06 |
| Personal name |
Esakov, Denis, |
| Dates associated with a name |
1984- |
| Relator term |
photographer. |
| 830 #0 - SERIES ADDED ENTRY--UNIFORM TITLE |
| Uniform title |
Basics (Berlin, Germany) ; |
| Volume number/sequential designation |
61. |
| 856 41 - ELECTRONIC LOCATION AND ACCESS |
| Uniform Resource Identifier |
<a href="http://d-nb.info/1131091043/04">http://d-nb.info/1131091043/04</a> |
| Materials specified |
Table of contents |
| 906 ## - LOCAL DATA ELEMENT F, LDF (RLIN) |
| a |
7 |
| b |
cbc |
| c |
pccadap |
| d |
3 |
| e |
ncip |
| f |
20 |
| g |
y-gencatlg |
| 942 ## - ADDED ENTRY ELEMENTS (KOHA) |
| Source of classification or shelving scheme |
|
| 955 ## - COPY-LEVEL INFORMATION (RLIN) |
| Book number/undivided call number, CCAL (RLIN) |
fd21 2018-03-28 z-processor |
| Copy status, CST (RLIN) |
fd21 2018-03-29 to BCCD |
| 955 ## - COPY-LEVEL INFORMATION (RLIN) |
| Classification number, CCAL (RLIN) |
fd10 2017-08-29 |
| -- |
fd00 2017-09-11 to GS/GER |